El Municipio y las Cortes en el Imperio Español de Indias (Record no. 55907)

MARC details
000 -LEADER
campo de control de longitud fija 00869nam a2200217 i 4500
001 - NÚMERO DE CONTROL
campo de control 55907
003 - IDENTIFICADOR DE NÚMERO DE CONTROL
campo de control ES-MaACL
005 - FECHA Y HORA DE LA ÚLTIMA TRANSACCIÓN
campo de control 20250827063207.0
007 - CAMPO FIJO DE DESCRIPCIÓN FÍSICA--INFORMACIÓN GENERAL
campo de control de longitud fija t|
008 - DATOS DE LONGITUD FIJA--INFORMACIÓN GENERAL
campo de control de longitud fija 030930s1946 sp ||||1| spa d
080 ## - NÚMERO DE LA CLASIFICACIÓN DECIMAL UNIVERSAL
Número de la Clasificación Decimal Universal 352(8.03)077
100 1# - ENTRADA PRINCIPAL--NOMBRE DE PERSONA
Nombre de persona Casariego, J. E.,
Fechas asociadas al nombre 1913-1990
9 (RLIN) 36176
245 13 - MENCIÓN DEL TÍTULO
Título El Municipio y las Cortes en el Imperio Español de Indias
Resto del título : introducción a su estudio /
Mención de responsabilidad, etc. J.E. Casariego ; [con el texto original de las ordenanzas municipales de Alonso de Cáceres ; prólogo de Ciriaco Pérez Bustamente ; epílogo de Adolfo Reyes Ochoa].
260 ## - PUBLICACIÓN, DISTRIBUCIÓN, ETC.
Lugar de publicación, distribución, etc. Madrid :
Nombre del editor, distribuidor, etc. [s.n.],
Fecha de publicación, distribución, etc. 1946 (
Fabricante Marsiega)
300 ## - DESCRIPCIÓN FÍSICA
Extensión 213, 5 lám. ;
Dimensiones 20 cm.
700 1# - ENTRADA AGREGADA--NOMBRE PERSONAL
Nombre de persona Cáceres, Alonso de.
9 (RLIN) 33337
700 1# - ENTRADA AGREGADA--NOMBRE PERSONAL
Nombre de persona Pérez-Bustamante, Ciriaco,
Fechas asociadas al nombre 1896-1975
9 (RLIN) 90682
700 1# - ENTRADA AGREGADA--NOMBRE PERSONAL
Nombre de persona Reyes Ochoa, Adolfo.
9 (RLIN) 143348
852 ## - LOCALIZACIÓN
Ubicación ES-MaACL
Número de control de estantería B-10557
Holdings
Estatus retirado Estado de pérdida Estado de daño No para préstamo Biblioteca de origen Biblioteca actual Ubicación en estantería Fecha de adquisición Fuente de adquisición Total de préstamos Signatura topográfica completa Código de barras Visto por última vez Precio de reemplazo Tipo de ítem Koha
        Biblioteca del Ateneo de Madrid Biblioteca del Ateneo de Madrid Sala Pardo Bazán 17/01/2008     B-10557 1058728 23/02/2023 23/02/2023 Libro impreso